| 000 | 00692nam a2200205 4500 | ||
|---|---|---|---|
| 001 | 136411 | ||
| 003 | ES-MaACL | ||
| 005 | 20230906195125.0 | ||
| 007 | t| | ||
| 008 | 070214s1947 ag r ||||1| spa d | ||
| 100 | 1 |
_aSachs, Curt. _9101247 |
|
| 245 | 1 | 0 |
_aHistoria universal de los instrumentos musicales / _cCurt Sachs ; traducción de María Luisa Roth ; versión de Dora Berdichevsky, Daniel Devoto. |
| 250 | _a1ª. ed. | ||
| 260 |
_aBuenos Aires : _bCenturión, _c1947. |
||
| 300 |
_a455 p., 24 lám. : _bil. ; _c28 cm. |
||
| 700 | 1 |
_aRoth, María Luisa. _999956 |
|
| 700 | 1 |
_aBerdichevsky, Dora. _927865 |
|
| 700 | 1 |
_aDevoto, Daniel. _944029 |
|
| 852 |
_aES-MaACL _jC-5192 _bR.25473 |
||
| 999 |
_c136411 _d136411 |
||